00765nam a2200241 a 4500001001300000003000900013005001700022008004100039020002300080082001500103100002700118245008000145260004500225300000900270500003500279505002400314650001000338700002700348902000800375942000700383952011600390999001700506nice12345678IN_TiNIC20260116013843.0050524s1998 newa grp 000 0 eng  a8121272 c27500a954.2bJAF aJafri, Saiyid Z Husain aStudies in the Ananatomy of a Transformation Awadh from Mughal to Colonialo aNew Delhi bGyan Publishing House c1998 a217p aincludes index and biblioraphy2 aBibliography, Index aAwadh1 aJafri, Saiyid Z Husain bSRS cBK 001040708StackRoom-aHMIbHMId2007-04-10g275.00l0o954.2 JAFp018772r2007-04-10v275.00w2005-05-24yBK c12826d12826